| 000 | 00794cam a2200253 a 4500 | ||
|---|---|---|---|
| 003 | MX-MxUPN | ||
| 005 | 20230602190258.0 | ||
| 008 | 061122s1996 mx a gr 001 0 spa d | ||
| 020 | _a8479531460 | ||
| 035 | _aUPN01000148055 | ||
| 040 |
_aMX-MxUPN _bspa |
||
| 050 | 4 |
_aBF316.6 _bB89 1996 |
|
| 100 | 1 |
_aBuzan, Tony, _d1942- _937857 |
|
| 100 | 1 |
_aBuzan, Barry _949147 |
|
| 245 | 1 | 3 |
_aEl libro de los mapas mentales : _bcómo utilizar al máximo las capacidades de la mente |
| 260 |
_aBarcelona : _bUrano, _c1996. |
||
| 300 |
_a350 páginas : _bilustraciones a color |
||
| 500 | _aTítulo original: The mind map book. | ||
| 534 |
_pTítulo original: _tThe mind map book |
||
| 650 | 2 |
_95285 _aMapas mentales |
|
| 902 | _bVíctorGodínez/020623 | ||
| 905 | _aLibro | ||
| 942 |
_2lcc _cLIBRO |
||
| 999 |
_c120197 _d120197 |
||